000 00300nam a2200133Ia 4500
008 191201s2014 xx 000 0 und d
100 _aSINHA, S N
245 0 _aReinforced Concrete Design
250 _aRep
260 _c2014
_bTMH
_aNew Delhi
300 _aMisc
650 _aCIVIL
942 _2ddc
_cBB
999 _c7640
_d7640